Somatologie 3 - Centrální nervový systém /

Korporativní autor: Univerzita Palackého
Další autoři: Kikalová, Kateřina, 1968-
Jazyk: Čeština
Vydáno: Olomouc : Univerzita Palackého v Olomouci, 2014
Vydání: 1. vyd.
Edice: Studijní opora
Témata:
Fyzický popis: 61 s. : il. ; 29 cm
Knihy
Uloženo v:
LEADER 01860nam a2200469 a 4500
001 nkc20142604049
003 CZ PrNK
005 20140728162225.0
007 ta
008 140702s2014 xr a e p 000 0 cze
015 |a cnb002604049 
020 |a 978-80-244-4092-7  |q (brož.) :  |c neprodejné 
035 |a (OCoLC)886606927 
040 |a OLA001  |b cze  |d ABA001 
072 7 |a 611  |x Anatomie člověka a srovnávací anatomie  |2 Konspekt  |9 14 
072 7 |a 37.016  |x Učební osnovy. Vyučovací předměty. Učebnice  |2 Konspekt  |9 22 
080 |a 611/612  |2 MRF 
080 |a 611.81  |2 MRF 
080 |a (07)  |2 MRF 
245 0 0 |a Somatologie 3 - Centrální nervový systém /  |c Kateřina Kikalová ... [et al.] 
246 3 0 |a Somatologie 
246 3 0 |a Centrální nervový systém 
250 |a 1. vyd. 
260 |a Olomouc :  |b Univerzita Palackého v Olomouci,  |c 2014 
300 |a 61 s. :  |b il. ;  |c 29 cm 
490 1 |a Studijní opora 
504 |a Obsahuje bibliografii 
521 8 |a Určeno studentům prezenčního, kombinovaného i distančního studia a učitelům v pedagogické praxi v rámci dalšího vzdělávání v postgraduálním studiu, pomůcka pro učitele základních a středních škol 
650 0 7 |a somatologie  |7 ph125836  |2 czenas 
650 0 7 |a centrální nervový systém  |7 ph119102  |2 czenas 
650 0 9 |a somatology  |2 eczenas 
650 0 9 |a central nervous system  |2 eczenas 
655 7 |a učební texty  |7 fd133599  |2 czenas 
655 9 |a educational texts  |2 eczenas 
700 1 |a Kikalová, Kateřina,  |d 1968-  |7 xx0154794  |4 aut 
710 2 |a Univerzita Palackého  |7 kn20010709130 
810 2 |a Univerzita Palackého.  |t Studijní opory  |0 s 
910 2 |a BOA001  |b 4-1329.610 
990 |a BK 
995 |a 01 
991 |b 201407  |c NOV  |e n 
996 6 |b 2610597729  |c 4-1329.610  |l MZK  |r Sklad / do 1 hodiny  |n 3  |p p.v.  |w 001439725  |u 000010  |a 1  |e BOA001  |j MZK50  |s P